¡Que veinte años no es nada! : un análisis crítico a veinte años de la reforma constitucional de 1994 en Argentina /

Guardado en:
Autor Principal: Bernal, Marcelo., (coord.)
Otros Autores: Pizzolo, Calogero., (coord.), Rossetti, Andrés., (coord.)
Formato: Libro
Idioma:Spanish
Publicado: Ciudad Autónoma de Buenos Aires : Eudeba, 2015.
Edición:1a. ed.
Series:Derecho
Materias:
Etiquetas: Agregar Etiqueta
Sin Etiquetas, Sea el primero en etiquetar este registro!
LEADER 00735nam a22001935a 4500
001 DER.der014337
008 191101s2015####ag############000#0#spa#d
005 20251226083615.0
245 1 0 |a ¡Que veinte años no es nada! :  |b un análisis crítico a veinte años de la reforma constitucional de 1994 en Argentina /  |c coordinado por Marcelo Bernal, Calogero Pizzolo y Andrés Rossetti. 
250 |a 1a. ed. 
260 |a Ciudad Autónoma de Buenos Aires :  |b Eudeba,  |c 2015. 
300 |a 358 p. 
490 0 |a Derecho 
020 |a 9789502324005 
100 1 |a Bernal, Marcelo.,  |e coord. 
700 1 |a Pizzolo, Calogero.,  |e coord. 
700 1 |a Rossetti, Andrés.,  |e coord. 
650 7 |a DERECHO CONSTITUCIONAL 
859 |a DERECHO  |b BIB. DERECHO  |h 342  |i BER  |p 009608